Геохимия биосферы: учебное пособие

Podrobná bibliografie
Hlavní autor: Наумов Г. Б. Георгий Борисович
Shrnutí:Изложено современное состояние общей геохимии с позиций учения В. И. Вернадского о биосфере и ее переходе в стадию ноосферы. Рассмотрены вопросы положения Земли в космическом пространстве, распространенность и закономерности распределения элементов и их изотопов, формы их нахождения, механизмы миграции и концентрации на геохимических барьерах. Данные классической физической геохимии рассмотрены во взаимосвязи с материалами биогеохимии и ряда смежных научных дисциплин, при этом особое внимание уделено трем основным составляющим биосферы — косному, живому и социальному. Для студентов учреждений высшего профессионального образования, обучающихся по геологическим и экологическим специальностям.
Jazyk:ruština
Vydáno: Москва, Академия, 2010
Edice:Высшее профессиональное образование. Естественные науки
Témata:
Médium: MixedMaterials Kniha
KOHA link:https://koha.lib.tpu.ru/cgi-bin/koha/opac-detail.pl?biblionumber=156185

MARC

LEADER 00000nam0a2200000 4500
001 156185
005 20231101221903.0
010 |a 9785769557989 
035 |a (RuTPU)RU\TPU\book\169388 
090 |a 156185 
100 |a 20090324d2010 m y0rusy50 ca 
101 0 |a rus 
102 |a RU 
105 |a a j 001zy 
200 1 |a Геохимия биосферы  |e учебное пособие  |f Г. Б. Наумов 
210 |a Москва  |c Академия  |d 2010 
215 |a 381 с.  |c ил. 
225 1 |a Высшее профессиональное образование. Естественные науки 
320 |a Библиогр.: с. 372-376. 
330 |a Изложено современное состояние общей геохимии с позиций учения В. И. Вернадского о биосфере и ее переходе в стадию ноосферы. Рассмотрены вопросы положения Земли в космическом пространстве, распространенность и закономерности распределения элементов и их изотопов, формы их нахождения, механизмы миграции и концентрации на геохимических барьерах. Данные классической физической геохимии рассмотрены во взаимосвязи с материалами биогеохимии и ряда смежных научных дисциплин, при этом особое внимание уделено трем основным составляющим биосферы — косному, живому и социальному. Для студентов учреждений высшего профессионального образования, обучающихся по геологическим и экологическим специальностям. 
606 1 |a Биосфера  |x Геохимия  |2 stltpush  |3 (RuTPU)RU\TPU\subj\28748  |9 52246 
610 1 |a история 
610 1 |a природные объекты 
610 1 |a строение 
610 1 |a состав 
610 1 |a химические элементы 
610 1 |a изотопы 
610 1 |a геосферы 
610 1 |a геохимические процессы 
610 1 |a термодинамика 
610 1 |a миграция 
610 1 |a геохимические барьеры 
610 1 |a геохимические циклы 
610 1 |a земная кора 
610 1 |a эволюция 
610 1 |a ноосфера 
610 1 |a ноосферное развитие 
610 1 |a учебные пособия 
675 |a 574(075.8)  |v 3 
700 1 |a Наумов  |b Г. Б.  |g Георгий Борисович 
801 1 |a RU  |b 63413507  |c 20090324  |g PSBO 
801 2 |a RU  |b 63413507  |c 20150528  |g PSBO 
900 |a Геохимия 
942 |c BK 
951 |b 020301  |b 020801 
959 |a 38/20090320  |d 20  |e 0  |f ЧЗТЛ:1  |f АНЛ:1  |f УФ:18 
959 |a 47/20100630  |d 20  |e 449,90  |f АНЛ:1  |f ЧЗТЛ:1  |f УФ:18